Riesgos financieros y económicos : (Registro nro. 12260)

Detalles MARC
000 -LEADER
fixed length control field 01617nam a2200265Ia 4500
003 - CONTROL NUMBER IDENTIFIER
control field OSt
005 - DATE AND TIME OF LATEST TRANSACTION
control field 20210824111656.0
008 - FIXED-LENGTH DATA ELEMENTS--GENERAL INFORMATION
fixed length control field 210310s2006 mx ad gr 000 0 und d
020 ## - INTERNATIONAL STANDARD BOOK NUMBER
International Standard Book Number 9706865748
040 ## - CATALOGING SOURCE
Original cataloging agency CO-JMCR
Transcribing agency CO-JMCR
041 0# - LANGUAGE CODE
Language code of text/sound track or separate title spa
082 04 - DEWEY DECIMAL CLASSIFICATION NUMBER
Classification number 332.645 /
Item number V455r
Edition number 23
100 1# - MAIN ENTRY--PERSONAL NAME
Personal name Vanegas Martínez, Francisco,
Relator term autor
9 (RLIN) 27730
245 10 - TITLE STATEMENT
Title Riesgos financieros y económicos :
Remainder of title productos derivados y decisiones económicas bajo incertidumbre /
Statement of responsibility, etc. Francisco Venegas Martínez
260 ## - PUBLICATION, DISTRIBUTION, ETC.
Place of publication, distribution, etc. México :
Name of publisher, distributor, etc. Thomson,
Date of publication, distribution, etc. 2006.
300 ## - PHYSICAL DESCRIPTION
Extent xxiv, 1139 páginas :
Other physical details ilustraciones y graficas en blanco y negro ;
Dimensions 28 cm.
500 ## - GENERAL NOTE
General note Incluye índice de autores y temas.
504 ## - BIBLIOGRAPHY, ETC. NOTE
Bibliography, etc. note Bibliografía : páginas1121-1130.
505 0# - FORMATTED CONTENTS NOTE
Formatted contents note Dónde, cuándo y cómo se inicia la historia que este libro contara. -- Prerrequisitos para riesgos financieros. -- Los clásicos. -- Derivados financieros simples. -- Opciones con volatilidad estocástica. -- Opciones Americanas. -- Tópicos avanzados de opciones. -- Opciones exóticas. -- Tasas y bonos. -- Técnicas de ajuste de curvas de rendimiento. -- Medidas de riesgo. -- Riesgo crédito y derivados de crédito. -- Opciones reales. -- Derivados de tasas y notas estructuradas. -- Métodos numéricos para valuar derivados. -- Riesgo operativo. -- Valores extremos y valor en riesgo. -- Prerrequisitos para modelos económicos de riesgo. -- Modelos económicos de riesgo.
650 14 - SUBJECT ADDED ENTRY--TOPICAL TERM
Topical term or geographic name entry element Opciones (Finanzas)
9 (RLIN) 5909
650 24 - SUBJECT ADDED ENTRY--TOPICAL TERM
Topical term or geographic name entry element Incertidumbre (Finanzas)
9 (RLIN) 39602
650 24 - SUBJECT ADDED ENTRY--TOPICAL TERM
Topical term or geographic name entry element Riesgo financiero
9 (RLIN) 11357
650 24 - SUBJECT ADDED ENTRY--TOPICAL TERM
Topical term or geographic name entry element Toma de decisiones
9 (RLIN) 283
942 ## - ADDED ENTRY ELEMENTS (KOHA)
Source of classification or shelving scheme Dewey Decimal Classification
Koha item type Books
Existencias
Withdrawn status Lost status Source of classification or shelving scheme Damaged status Not for loan Home library Current library Shelving location Date acquired Source of acquisition Full call number Barcode Date last seen Copy number Price effective from Koha item type
    Dewey Decimal Classification     Biblioteca Pública José María del Castillo y Rada Biblioteca Pública José María del Castillo y Rada General Stacks 04/15/2018 Donación 332.645 / V455r 430005535 05/16/2024 Ej.1 03/10/2021 Books